Die teuersten Transfers der Sommerperiode 2025/26 - Statistiken

Allgemein
  • Dieses Quiz wurde 108 mal gespielt
  • Das Durchschnittsergebnis liegt bei 10 aus 25
Antwortstatistiken
Ablöse Alter Nationalität Spieler % Korrekt
125,00 Mio. € 22 Deutschland Florian Wirtz
100%
145,00 Mio. € 25 Schweden Alexander Isak
95%
85,00 Mio. € 23 Deutschland Nick Woltemade
82%
95,00 Mio. € 23 Frankreich Hugo Ekitiké
77%
76,50 Mio. € 22 Slowenien Benjamin Sesko
74%
70,00 Mio. € 28 Kolumbien Luis Diaz
72%
75,00 Mio. € 26 Nigeria Victor Osimhen
70%
65,80 Mio. € 27 Schweden Viktor Gyökeres
54%
75,00 Mio. € 25 Kamerun Bryan Mbeumo
43%
74,20 Mio. € 26 Brasilien Matheus Cunha
34%
65,00 Mio. € 22 Niederlande Xavi Simons
33%
70,00 Mio. € 26 Spanien Martin Zubimendi
31%
62,50 Mio. € 20 Spanien Dean Huijsen
26%
53,00 Mio. € 26 Uruguay Darwin Nunez
25%
63,80 Mio. € 24 Ghana Mohammed Kudus
23%
69,30 Mio. € 27 England Eberechi Eze
22%
55,00 Mio. € 26 Niederlande Tijjani Reijnders
22%
61,40 Mio. € 23 Schweden Anthony Elanga
19%
68,25 Mio. € 26 Italien Mateo Retegui
17%
63,70 Mio. € 23 Brasilien Joao Pedro
14%
63,00 Mio. € 22 Ukraine Ilya Zabarnyi
13%
56,00 Mio. € 20 England Jamie Gittens
12%
57,70 Mio. € 28 DR Kongo Yoane Wissa
12%
56,00 Mio. € 23 England Noni Madueke
10%
50,00 Mio. € 22 Spanien Alvaro Carreras
9%
Keine übereinstimmenden Quizze gefunden
Verteilung der Resultate
Anzahl Personen mit jedem Resultat
Perzentil nach korrekt beantworteten Fragen
Ihre Resultats-Entwicklung
Sie haben dieses Quiz noch nicht gespielt